书目信息 |
| 题名: |
西藏深度游Follow Me
|
|
| 作者: | ;亲历者编辑部 编著 | |
| 分册: | ||
| 出版信息: | 北京 中国铁道出版社 2019 |
|
| 页数: | 216页 | |
| 开本: | 24cm | |
| 丛书名: | ||
| 单 册: | ||
| 中图分类: | K928.975 , K928.9 | |
| 科图分类: | ||
| 主题词: | 旅游指南--西藏 | |
| 电子资源: | ||
| ISBN: | 978-7-113-25245-8 | |
| 000 | 01062nam0 2200253 450 | |
| 001 | 2359910802 | |
| 005 | 20230924163846.97 | |
| 010 | @a978-7-113-25245-8@dCNY49.80 | |
| 100 | @a20190508d2019 em y0chiy50 ea | |
| 101 | 0 | @achi |
| 102 | @aCN@b110000 | |
| 105 | @aa z 000yy | |
| 200 | 1 | @a西藏深度游Follow Me@Axi zang shen du you Follow Me@f《亲历者》编辑部编著 |
| 205 | @a4版@b修订版 | |
| 210 | @a北京@c中国铁道出版社@d2019 | |
| 215 | @a216页@c彩照@d24cm | |
| 300 | @a亲历者·深度游系列 | |
| 330 | @a本书通过丰富详实的旅游攻略,让你的西藏之行能更变得更轻松,更深入。本书精心甄选西藏热门并且值得游览的景点,配以精美的景区手绘图,采用亲历者的真实旅行经历和感受进行编写,为您在西藏的游览、交通、美食、购物、娱乐等提供全方位完美解决方案。同时,文前“读懂西藏”版块能让读者对西藏有一个初步的感官印象,“图解西藏”版块再度让读者快速找准西藏最好的吃喝玩乐去处。 | |
| 606 | 0 | @a旅游指南@y西藏 |
| 690 | @aK928.975@v5 | |
| 690 | @aK928.9@v4 | |
| 711 | 02 | @a亲历者编辑部@Aqin li zhe bian ji bu@4编著 |
| 801 | 0 | @aCN@b安徽时代@c20230923 |
| 905 | @aBZT@dK928.9@e95=4 | |
| 西藏深度游Follow Me/《亲历者》编辑部编著.-4版,修订版.-北京:中国铁道出版社,2019 |
| 216页:彩照;24cm |
| 亲历者·深度游系列 |
| ISBN 978-7-113-25245-8:CNY49.80 |
| 本书通过丰富详实的旅游攻略,让你的西藏之行能更变得更轻松,更深入。本书精心甄选西藏热门并且值得游览的景点,配以精美的景区手绘图,采用亲历者的真实旅行经历和感受进行编写,为您在西藏的游览、交通、美食、购物、娱乐等提供全方位完美解决方案。同时,文前“读懂西藏”版块能让读者对西藏有一个初步的感官印象,“图解西藏”版块再度让读者快速找准西藏最好的吃喝玩乐去处。 |
| ● |
| 相关链接 |
|
|
|
正题名:西藏深度游Follow Me
索取号:K928.9/95=4
 
预约/预借
| 序号 | 登录号 | 条形码 | 馆藏地/架位号 | 状态 | 备注 |
| 1 | 2000922223 | 2000922223 | 第四书库/四29架B面6层1列/ [索取号:K928.9/95=4] | 在馆 | |
| 2 | 2000922224 | 2000922224 | 第四书库/四29架B面6层1列/ [索取号:K928.9/95=4] | 在馆 | |
| 3 | 2000922225 | 2000922225 | 第四书库/四29架B面6层1列/ [索取号:K928.9/95=4] | 在馆 | |
| 4 | 2000922226 | 2000922226 | 第四书库/四29架B面6层1列/ [索取号:K928.9/95=4] | 在馆 | |
| 5 | 2000922227 | 2000922227 | 第四书库/四29架B面6层1列/ [索取号:K928.9/95=4] | 在馆 | |
| 6 | 2000922228 | 2000922228 | 第四书库/四29架B面6层1列/ [索取号:K928.9/95=4] | 在馆 |